Biggest Cities in the Russian Empire in 1897 - Statistics

General Stats
  • This quiz has been taken 169 times
  • The average score is 54 of 135
Answer Stats
Population City % Correct
1,038,591 Moscow
100%
1,264,920 Saint Petersburg
100%
247,723 Kiev
92%
90,012 Minsk
91%
282,230 Riga
89%
683,692 Warsaw
89%
64,572 Tallinn
88%
112,253 Baku
86%
154,532 Vilnius
86%
403,815 Odessa
85%
159,862 Tbilisi
83%
173,989 Kharkiv
82%
66,734 Helsinki
81%
55,186 Tsaritsyn
80%
28,896 Vladivostok
79%
28,910 Yerevan
79%
90,053 Nizhny Novgorod
78%
53,595 Sevastopol
77%
129,959 Kazan
76%
119,476 Rostov-on-Don
76%
43,239 Yekaterinburg
75%
156,506 Tashkent
72%
22,982 Almaty
70%
25,736 Veliky Novgorod
70%
45,205 Perm
69%
70,920 Kaunas
68%
49,275 Ufa
68%
314,020 Łódź
67%
37,470 Omsk
67%
89,999 Samara
67%
112,839 Dnipro
65%
65,697 Krasnodar
65%
46,699 Smolensk
63%
46,568 Brest
62%
51,484 Irkutsk
62%
122,880 Astrakhan
61%
80,599 Voronezh
59%
71,616 Yaroslavl
59%
50,385 Lublin
58%
137,147 Saratov
57%
108,483 Chișinău
55%
36,775 Homyel
55%
75,721 Kursk
55%
49,078 Simferopol
52%
114,733 Tula
52%
54,900 Samarkand
50%
52,430 Tomsk
50%
30,478 Pskov
49%
26,564 Belgorod
48%
66,032 Białystok
48%
72,425 Orenburg
48%
32,184 Turku
48%
46,919 Hrodna
47%
26,600 Krasnoyarsk
47%
31,116 Mariupol
47%
46,122 Ryazan
46%
28,479 Vladimir
46%
59,076 Kherson
44%
42,308 Tartu
44%
53,444 Tver
43%
53,703 Poltava
42%
22,169 Tampere
42%
92,012 Mykolayiv
41%
69,735 Orël
41%
29,588 Tyumen
41%
43,119 Mahilyow
39%
26,417 Batumi
38%
41,621 Stavropol
38%
41,684 Ulyanovsk
38%
65,871 Vitebsk
38%
54,208 Ivanovo
37%
49,513 Kaluga
37%
48,015 Tambov
37%
27,705 Vologda
37%
59,981 Penza
36%
25,008 Kirov
35%
69,675 Daugavpils
34%
33,347 Kerch
33%
31,616 Tiraspol
33%
41,336 Kostroma
32%
21,290 Vyborg
32%
27,716 Chernihiv
31%
27,564 Sumy
31%
29,408 Barnaul
25%
28,368 Pinsk
25%
29,896 Radom
25%
65,895 Zhytomyr
25%
29,600 Cherkasy
23%
51,437 Taganrog
23%
64,489 Liepāja
22%
30,563 Vinnytsia
22%
33,022 Ganja
21%
36,597 Oral
21%
20,427 Tobolsk
21%
48,843 Vladikavkaz
21%
32,492 Kutaisi
20%
20,891 Kars
18%
26,966 Płock
18%
34,336 Babruysk
15%
45,045 Częstochowa
15%
35,934 Kamianets-Podilskyi
15%
30,735 Gyumri
12%
35,131 Jelgava
12%
33,276 Maykop
12%
35,918 Osh
12%
32,383 Syzran
12%
61,488 Kropyvnytskyi
11%
26,496 Berdyansk
10%
31,797 Bender
9%
63,007 Kremenchuk
9%
61,906 Namangan
9%
26,234 Siedlce
9%
31,016 Uman
9%
59,525 Kronstadt
8%
51,963 Novocherkassk
8%
31,182 Piotrków Trybunalski
8%
26,353 Semey
8%
46,680 Andijon
7%
30,076 Khujand
7%
26,093 Łomża
6%
54,452 Qo‘qon
6%
25,290 Rybinsk
6%
30,571 Serpukhov
6%
53,351 Berdychiv
5%
27,058 Volsk
5%
35,446 Yeysk
5%
26,765 Pabianice
4%
25,656 Şuşa
4%
46,956 Yelets
4%
28,258 Bilhorod-Dnistrovskyi
3%
28,427 Nakhichevan-on-Don
3%
32,113 Nizhyn
3%
36,592 Margilan
2%
40,297 Michurinsk
2%
26,458 Morshansk
2%
No matching quizzes found
Score Distribution
Percent of People with Each Score
Percentile by Number Answered
Your Score History
You have not taken this quiz